15 Plus grandes villes de Pologne (avec une carte) - Statistiques

Statistiques générales
  • Ce quiz a été pris 90 fois
  • Le résultat moyen est 8 sur 15
Réponses sur la Carte
Les réponses sont colorées sur une échelle allant du rouge au vert en fonction du pourcentage des utilisateurs qui les ont devinées à leur premier essai. Vous pouvez retrouver ces pourcentages ci-dessous.
 
Statistiques - réponses
Population Ville % Correct
1,8 million Varsovie
99%
810 mille Cracovie
95%
490 mille Gdańsk
92%
670 mille Wrocław
77%
540 mille Poznań
75%
650 mille Łódź
74%
280 mille Katowice
62%
330 mille Lublin
60%
390 mille Szczecin
42%
240 mille Gdynia
41%
290 mille Białystok
40%
330 mille Bydgoszcz
26%
205 mille Częstochowa
21%
200 mille Radom
21%
200 mille Rzeszów
18%
Aucun quiz correspondant
Distribution des résultats
% des personnes avec chaque résultat
Percentile par nombre de réponses
Votre historique - résultats
Vous n’avez pas pris ce quiz